000 00349nam a2200145Ia 4500
008 191201s2011 xx 000 0 und d
082 _a338.5
_bMIP
100 _aMISHRA,S.K.
245 0 _aPrinciples of Macroeconomics
250 _a3rd
260 _aN. Delhi
_bHimalaya Publication House
_c2011
300 _a355
650 _aMBA
942 _2ddc
_cBK
999 _c5141
_d5141